How to solve word problems in geometry: (Record no. 6795)
[ view plain ]
| 000 -LEADER | |
|---|---|
| fixed length control field | nam a22 7a 4500 |
| 005 - DATE AND TIME OF LATEST TRANSACTION | |
| control field | 20190116054705.0 |
| 008 - FIXED-LENGTH DATA ELEMENTS--GENERAL INFORMATION | |
| fixed length control field | 190111b xxu||||| |||| 00| 0 eng d |
| 020 ## - IDENTIFIER FOR THE MANIFESTATION | |
| Identifier for the Manifestation | 9780071226936 |
| Binding | paperback |
| 040 ## - CATALOGING SOURCE | |
| Language of Cataloging | eng |
| Transcribing Agency | APEC Schools Library |
| Description Conventions | rda |
| 082 ## - DEWEY DECIMAL CLASSIFICATION NUMBER | |
| Classification number | C 512.75 |
| Author's Number | S89d 2000 |
| 100 ## - CREATOR | |
| Preferred Name of the Person | Sova, Dawn B. |
| Title/Other Designation Associated/Field of Activity/Profession of the Person | PhD |
| 245 ## - TITLE AND STATEMENT OF RESPONSIBILITY | |
| Preferred Title Proper | How to solve word problems in geometry: |
| Remainder of Title | proven techniques from an expert |
| 264 ## - PUBLICATION STATEMENT | |
| Place of publication, distribution, etc | New York |
| Publisher's Name/Parallel Publisher's Name | McGraw-Hill |
| Copyright | ©2000 |
| Date of Publication | 2000 |
| 300 ## - PHYSICAL DESCRIPTION | |
| Extent | v, 153 pages : |
| Illustrative Content | illustrations : |
| Dimensions | 17 cm |
| 336 ## - RDA CONTENT | |
| Source | rdacontent |
| Content Type | text |
| 337 ## - RDA MEDIA | |
| Source | rdamedia |
| Media Type | unmediated |
| 338 ## - RDA CARRIER | |
| Source | rdacarrier |
| Carrier Type | volume |
| 504 ## - BIBLIOGRAPHY, ETC. NOTE | |
| Bibliography, etc | includes index |
| 600 ## - ADDED SUBJECT ACCESS POINT - PERSONAL NAME | |
| Preferred Name of the Person | Sova, Dawn |
| 650 ## - ADDED SUBJECT ACCESS POINT - TOPICAL TERM | |
| Topical Term | Geometry -- Study and teaching |
| -- | Word problems (Mathematics) |
| 942 ## - ADDED ENTRY ELEMENTS (KOHA) | |
| Source of Classification | |
| Koha Item Type | Books |
| Library | Site Location | Shelving Location | Source of Acquisition | Full Classification Number | Accession Number | Koha Item Type |
|---|---|---|---|---|---|---|
| APEC Bacoor Library | APEC Bacoor Library | Circulation | Institutional Fund | C 512.75 S89d 2000 | B04-0000283 | Non Fiction |
| APEC C. Raymundo Library | APEC C. Raymundo Library | Circulation | Institutional Fund | C 512.75 S89d 2000 | A07-0000176 | Reference |
| APEC Calumpang Library | APEC Calumpang Library | Circulation | Institutional Fund | C 512.75 S89d 2000 | B10-0000261 | Non Fiction |
| APEC Doña Juana Library | APEC Doña Juana Library | Circulation | Institutional Fund | C 512.75 S89d 2000 | A02-0000143 | Non Fiction |
| APEC España Library | APEC España Library | Circulation | Institutional Fund | C 512.75 S89d 2000 | B11-0000237 | Non Fiction |
| APEC G. Tuazon Library | APEC G. Tuazon Library | Circulation | Institutional Fund | C 512.75 S89d 2000 | B05-0000128 | Non Fiction |
| APEC Grace Park West Library | APEC Grace Park West Library | Circulation | Institutional Fund | C 512.75 S89d 2000 | A09-0000276 | Non Fiction |
| APEC Ortigas Extension, Cainta Library | APEC Ortigas Extension, Cainta Library | Circulation | Institutional Fund | C 512.75 S89d 2000 | B09-0000304 | Non Fiction |
| APEC Silangan, Pateros Library | APEC Silangan, Pateros Library | Circulation | Institutional Fund | C 512.75 S89d 2000 | B07-0000260 | Reference |
| APEC Sta. Rita Library | APEC Sta. Rita Library | Circulation | Institutional Fund | C 512.75 S89d 2000 | B02-0000154 | Non Fiction |
| APEC Sta. Rita Library | APEC Sta. Rita Library | Circulation | Institutional Fund | C 512.75 S89d 2000 | B02-0000155 | Non Fiction |
| APEC Tondo Library | APEC Tondo Library | Circulation | Institutional Fund | C 512.75 S89d 2000 | A10-0000255 | Non Fiction |
| APEC V. Luna Library | APEC V. Luna Library | Circulation | Institutional Fund | C 512.75 S89d 2000 | A01-0000370 | Non Fiction |
